Delta Reports 1

محفوظ في:

مؤلفون آخرون: Lange-Athinodorou, Eva (المحرر), Wilson, Penelope (المحرر)

التنسيق: كتاب

منشور في: Oxford Archaeopress Publishing Ltd 2025

الوسوم: إضافة وسم

لا توجد وسوم, كن أول من يضع وسما على هذه التسجيلة!

رقم الطلب:

LEADER 00662namaa2200181 4500
001 9781803279770
003 UkOxAP
005 20260405155016.0
020 |a 9781803279787 
776 1 |x 9781803279770 
245 0 0 |a Delta Reports 1 
100 1 |a Lange-Athinodorou, Eva  |e Editor  |l English 
700 1 |a Wilson, Penelope  |e Editor  |l English 
856 4 2 |a http://library.arce.org:8087/Archaeopress/Products/9781803279787 
260 |a Oxford  |b Archaeopress Publishing Ltd  |c 2025 
270 |a Archaeopress Publishing Ltd, Summertown Pavillion, 18 -24 Middle Way, Summertown  |b Oxford  |d United Kingdom  |e OX2 7LG  |k 44-1865-311914  |m info@archaeopress.com 
942 |2 lcc  |c EBOOK 
999 |c 62080  |d 62080